000 01091nam a22002295i 4500
001 167436
003 ES-MaACL
005 20250728042310.0
008 950306s1884 fr d |||| | fre d
040 _aCAT
_bspa
_cCAT
_dCCPB
080 _a778
100 1 _aVidal, Léon,
_d1833-1906
_9133694
245 1 0 _aCalcul des temps de pose et tables photométriques
_b: pour l'appréciation des temps de pose nécessaires à l'impression des épreuves négatives à la chambre noire en raison de l'intensité de la lumière, de la distance focale, de la sensibilité des produits, du diamètre du diaphragme et du pouvoir réflecteur moyen des objets à reproduire /
_cpar Léon Vidal.
250 _a2e éd.
260 _aParis :
_bGauthier-Villars,
_c1884.
300 _a64, 50, II p. ;
_c18 cm.
490 1 _aAnnales de la photographie
650 7 _aFotografía-
_xTécnica
_2
_9150981
830 0 _aAnnales de la photographie
_9222626
852 _aES-MaACL
_jT-486 bis-F-1
_z-- Enc. hol., conservando la enc. original
_z-- Enc. en un vol. facticio
999 _c167436
_d167436